| 000 | 00543nam a22001937a 4500 | ||
|---|---|---|---|
| 005 | 20251108164658.0 | ||
| 008 | 250721s1982 xx 000 0 ara d | ||
| 082 | 1 | 4 | _a523.7/سهي |
| 100 | 1 | _aفاضل، سهيل | |
| 245 | 1 | 0 | _aمبادئ الطاقة الشمسية و تطبيقاتها / |
| 250 | _aط2. | ||
| 264 | 1 |
_aبيروت : _bدار الحداثة، _c1982. |
|
| 300 | _a195ص | ||
| 650 | 1 | 7 | _aالشمس |
| 650 | 1 | 7 | _aالطاقة الشمسية |
| 700 | 1 | _aالكبة، إلياس | |
| 942 |
_2ddc _cBK |
||
| 999 |
_c11653 _d11653 |
||